000 00513 a2200217 4500
001 110713
020 _a9780545368247
041 _apor
090 _aYear 4 551
100 _aCaputo, Christine A.
250 _a. ed.
300 _a32 p.
490 _aSmart words reader
697 _aHurricanes.
830 _aSmart words reader
856 _u00001b/00001b22.jpg
040 _aBR-BrIDEA
_cBR-BrIDEA
245 1 0 _aHurricanes
_c Christine A Caputo
260 _a[S.l.]
_bScholastic
_c2011
942 _cBK
999 _c110713
_d110713